Global economic involvement <a> synthesis of modern international economics

Saved in:
Bibliographic Details
Main Author: Gray, H. Peter
Format: Book
Language:English
Published: Copenhagen Handelshojskolens Forlag 1999
Subjects:
Tags: Add Tag
No Tags, Be the first to tag this record!

MARC

LEADER 00000nam a2200000 4500
001 c115522
005 20221221084341.3
020 |a 87-16-13234-3 
041 0 |a eng 
044 |a DK 
245 1 0 |a Global economic involvement  |b <a> synthesis of modern international economics  |c H. Peter Gray 
264 1 |a Copenhagen  |b Handelshojskolens Forlag  |c 1999 
300 |a 225 s. 
610 2 0 |a spolupráca hospodárska medzinárodná 
610 2 0 |a paradigma 
610 2 0 |a modely 
610 2 0 |a korporácie transnacionálne 
610 2 0 |a politika hospodárska medzinárodná 
610 2 0 |a globalizácia hospodárstva 
610 2 0 |a integrácia ekonomická medzinárodná 
100 1 |a Gray, H. Peter